Položia azda položky Colnú úniu na chrbát?

Bibliographic Details
Main Author: Pichlerová, Eva (Author)
Format: Article
Language:Slovak
ISSN:0862-9567
Subjects:

MARC

LEADER 00000nab a2200000 a 4500
001 vtls000628780
003 SK-MaSNL
005 20260426093715.0
008 140228c1997 xo 0 slo
015 |a SNBRB19rr/mm-uuuuu 
035 |a CL0628919 
040 |a SNKBUCL  |b slo  |c SNKBUCL  |e AACR2 
041 0 |a slo 
044 |a xo  |c SK 
080 |a 339.543.622(437.6:437.1/.2)  |2 1981 
100 1 |a Pichlerová, Eva  |4 aut  |9 267229 
245 1 0 |a Položia azda položky Colnú úniu na chrbát?  |c Eva Pichlerová 
650 0 7 |a colné únie  |2 snkbucl  |9 50002 
650 0 7 |a Česká republika  |2 snkbucl  |9 894061 
651 7 |a Slovensko  |2 snkbucl  |9 14231 
655 7 |a články z novín a časopisov  |2 snkbucl  |9 267496 
773 0 |t Hospodárske noviny  |g Roč. 5, č. 108 (9. 6. 1997), s. 3  |x 0862-9567 
850 |a Slovenská národná knižnica v Martine  |a MTA001 
852 |a SNK  |b KIS3GCP 
958 |a SK 
958 |a CZ 
958 |a RK 
992 |a RBX 
999 |c 3114030  |d 3115960